01019nam a2200229 a 450000100100000000500170001000800410002704000250006808200190009310000400011224500590015226000520021130000210026350000730028459000260035765000590038365000530044291000370049595201170053295201230064999900170077200001817120200929165402.0100419s1955 dr 000 0 spa d aDO-SdBNPbspacBNPHU aRD860.9bM433e1 aMatos, Esthervinad1913-199993938210aEstudios de literatura dominicana /cEsthervina Matos. aCiudad Trujillo, República Dominicana,c1955. a387 p. ;c24 cm. aIncluye referencias bibliográficas y notas al pie de las páginas aInventariado, 2018/LP 4aPoesía dominicanaxHistoria y críticay1944939383 4aLiteratura dominicanaxHistoria y crítica9159 aValidado. Control de calidad MFF 001050718RVaPDbPDcHDd2010-04-19iLF1l0oRD860.9 M433ep18171-10r2020-06-25w2020-06-25y1ZNo se presta 001050718RVaPDbPDcHDd2015-08-19iLF1l0oRD860.9 M433ep18171-30r2020-06-25te. 2w2020-06-25y1ZNo se presta c17692d17692